Years of upheaval / (Record no. 1027)

000 -LEADER
fixed length control field 01170nam a22003617a 4500
001 - CONTROL NUMBER
control field 3735591
003 - CONTROL NUMBER IDENTIFIER
control field OSt
005 - DATE AND TIME OF LATEST TRANSACTION
control field 20210426120052.0
008 - FIXED-LENGTH DATA ELEMENTS--GENERAL INFORMATION
fixed length control field 820511s1982 mauaf b 001 0aeng
010 ## - LIBRARY OF CONGRESS CONTROL NUMBER
LC control number 81086320
020 ## - INTERNATIONAL STANDARD BOOK NUMBER
International Standard Book Number 0316285919
040 ## - CATALOGING SOURCE
Original cataloging agency DLC
Transcribing agency DLC
Modifying agency DLC
Language of cataloging eng
041 ## - LANGUAGE CODE
Language code of text/sound track or separate title eng
043 ## - GEOGRAPHIC AREA CODE
Geographic area code n-us---
050 00 - LIBRARY OF CONGRESS CALL NUMBER
Classification number E840.8.K58
Item number A38
080 ## - UNIVERSAL DECIMAL CLASSIFICATION NUMBER
Universal Decimal Classification number 92
Item number K-49
082 00 - DEWEY DECIMAL CLASSIFICATION NUMBER
Classification number 973.924/092/4
Edition number 19
100 1# - MAIN ENTRY--PERSONAL NAME
Personal name Kissinger, Henry,
Dates associated with a name 1923-
245 10 - TITLE STATEMENT
Title Years of upheaval /
Statement of responsibility, etc. Henry Kissinger.
Remainder of title / by: Little, Brown and Company
250 ## - EDITION STATEMENT
Edition statement 1st edition
260 ## - PUBLICATION, DISTRIBUTION, ETC.
Place of publication, distribution, etc. Boston
Name of publisher, distributor, etc. Little, Brown and Company
Date of publication, distribution, etc. c1982.
300 ## - PHYSICAL DESCRIPTION
Extent xxi, 1283 p., [40] p. of plates
Other physical details ill.
Dimensions 25 cm.
365 ## - TRADE PRICE
Price amount 24.95 usd
504 ## - BIBLIOGRAPHY, ETC. NOTE
Bibliography, etc. note Includes bibliographical references and index.
600 10 - SUBJECT ADDED ENTRY--PERSONAL NAME
Personal name Kissinger, Henry,
Dates associated with a name 1923-
650 #0 - SUBJECT ADDED ENTRY--TOPICAL TERM
Topical term or geographic name entry element Statesmen
Geographic subdivision United States
General subdivision Biography.
650 #0 - SUBJECT ADDED ENTRY--TOPICAL TERM
Topical term or geographic name entry element Biography
9 (RLIN) 237
651 #0 - SUBJECT ADDED ENTRY--GEOGRAPHIC NAME
Geographic name United States
General subdivision Foreign relations
Chronological subdivision 1969-1974.
653 ## - INDEX TERM--UNCONTROLLED
Uncontrolled term ბიოგრაფია
653 ## - INDEX TERM--UNCONTROLLED
Uncontrolled term საერთაშორისო ურთიერთობები
906 ## - LOCAL DATA ELEMENT F, LDF (RLIN)
a 7
b cbc
c orignew
d 2
e opcn
f 19
g y-gencatlg
942 ## - ADDED ENTRY ELEMENTS (KOHA)
Source of classification or shelving scheme
Koha item type Books
Edition 1
Holdings
Withdrawn status Lost status Source of classification or shelving scheme Damaged status Not for loan Permanent location Current location Date acquired Inventory number Total Checkouts Full call number Barcode Date last seen Price effective from Koha item type
          Ken Walker International University Ken Walker International University 01/28/2021 2550   92 K-49 2550 01/28/2021 01/28/2021 Books

Powered by Koha